000
00333nam a2200133Ia 4500
008
240624s9999 xx 000 0 und d
041
_a
eng
082
_a
920 ZAI
100
_a
ZAIDI S HUSSAIN
245
_a
DONGRI TO DUBAI SIX DECADES OF THE MUMBA
260
_c
2012
_a
New Delhi
_b
Roli Books
300
_a
408 : p.
365
_c
RS
_b
25
999
_c
19268
_d
19268